|
|
|
|
| LEADER |
00000nam2a2200000 4500 |
| 001 |
331020 |
| 005 |
20231102004321.0 |
| 035 |
|
|
|a (RuTPU)RU\TPU\book\356808
|
| 035 |
|
|
|a RU\TPU\book\356806
|
| 090 |
|
|
|a 331020
|
| 100 |
|
|
|a 20170413d1977 k y0rusy5003 ca
|
| 101 |
0 |
|
|a rus
|
| 102 |
|
|
|a RU
|
| 105 |
|
|
|a y z 000zy
|
| 200 |
0 |
|
|a Вып. 1 (15) : Автоматизация составления отчетных балансов запасов нефти на ЭВМ "Минск-32"
|
| 210 |
|
|
|d 1977
|
| 215 |
|
|
|a 93 с.
|
| 461 |
|
1 |
|0 (RuTPU)RU\TPU\book\201461
|t Алгоритмы и программы
|f Академия наук СССР (АН СССР); Всесоюзный научно-исследовательский институт экономики минерального сырья и геологоразведочных работ (ВИЭМС); под ред. Д. А. Родионова
|v Вып. 1 (15) : Автоматизация составления отчетных балансов запасов нефти на ЭВМ "Минск-32"
|d 1977-1982
|
| 606 |
1 |
|
|a Геология
|x Применение ЭВМ
|2 stltpush
|3 (RuTPU)RU\TPU\subj\69768
|9 84458
|
| 610 |
1 |
|
|a геологические исследования
|
| 610 |
1 |
|
|a прикладные программы
|
| 610 |
1 |
|
|a математическое моделирование
|
| 610 |
1 |
|
|a нефтяные запасы
|
| 610 |
1 |
|
|a отчетный баланс
|
| 610 |
1 |
|
|a информация
|
| 610 |
1 |
|
|a массивы
|
| 610 |
1 |
|
|a первоначальное формирование
|
| 610 |
1 |
|
|a корректирование
|
| 610 |
1 |
|
|a ввод
|
| 610 |
1 |
|
|a ЭВМ
|
| 610 |
1 |
|
|a электронные вычислительные машины
|
| 675 |
|
|
|a 55:681.3
|v 3
|
| 801 |
|
0 |
|a RU
|b RuMRKP
|c 19950704
|g psbo
|
| 801 |
|
1 |
|a RU
|b 63413507
|c 20151119
|
| 801 |
|
2 |
|a RU
|b 63413507
|c 20200818
|g RCR
|
| 942 |
|
|
|c BK
|